Statistics for All Doctor Who Dalek Stories

Click here to take the quiz!

General Stats

  • This quiz has been taken 17 times
    (10 since last reset)
  • The average score is 31 of 43

Answer Stats

DoctorYearAnswer% Correct
10th Doctor2006Army of Ghosts/Doomsday
100%
9th Doctor2005Bad Wolf/The Parting of the Ways
100%
9th Doctor2005Dalek
100%
4th Doctor1975Genesis of the Daleks
100%
1st Doctor1963-1964The Daleks
100%
10th Doctor2008The Stolen Earth/Journey's End
100%
11th Doctor2010Victory of the Daleks
100%
10th Doctor2007Daleks in Manhattan/Evolution of the Daleks
83%
3rd Doctor1972Day of the Daleks
83%
8th Doctor1996 (minor)Doctor Who: The Television Movie
83%
12th Doctor2014Into the Dalek
83%
6th Doctor1985Revelation of the Daleks
83%
1st Doctor1965The Chase
83%
1st Doctor1964The Dalek Invasion of Earth
83%
1st Doctor1965-1966The Daleks' Master Plan
83%
2nd Doctor1967The Evil of the Daleks
83%
2nd Doctor1966The Power of the Daleks
83%
1st Doctor1965 (minor)The Space Museum
83%
11th Doctor2012Asylum of the Daleks
67%
3rd Doctor1974Death to the Daleks
67%
4th Doctor1979Destiny of the Daleks
67%
13th Doctor2022Eve of the Daleks
67%
3rd Doctor1973 (minor)Frontier in Space
67%
3rd Doctor1973Planet of the Daleks
67%
7th Doctor1988Remembrance of the Daleks
67%
5th Doctor1984Resurrection of the Daleks
67%
5th Doctor1983 (minor)The Five Doctors
67%
11th Doctor2010 (minor)The Pandorica Opens/The Big Bang
67%
12th Doctor2017 (minor)The Pilot
67%
12th Doctor2017 (minor)Twice Upon a Time
67%
13th Doctor2021 (minor)Flux: Once, Upon Time
50%
13th Doctor2021 (minor)Flux: The Vanquishers
50%
12th Doctor2015 (minor)Hell Bent
50%
N/A1965Mission to the Unknown
50%
13th Doctor2022Power of the Doctor
50%
13th Doctor2019Resolution
50%
13th Doctor2021Revolution of the Daleks
50%
11th Doctor2010 (minor)The Beast Below
50%
11th Doctor2013 (minor)The Day of the Doctor
50%
12th Doctor2015The Magician's Apprentice/The Witch's Familiar
50%
11th Doctor2013 (minor)The Time of the Doctor
50%
10th Doctor2009 (minor)The Waters of Mars
50%
11th Doctor2011 (minor)The Wedding of River Song
50%

Score Distribution

Percentile by Number Answered

Percent of People with Each Score

Your Score History

You have not taken this quiz since the last reset